000
00342nam a2200145Ia 4500
008
230718s9999 xx 000 0 und d
041
_a
Eng.
082
_a
340
_b
SAE-P
100
_a
Saeed, Malik. M. (ed
245
0
_a
P. L.D (1995)
260
_a
Pakistan
_b
All Palastan legal decision
_c
1995
300
_a
142
650
_a
Law
999
_c
27080
_d
27080